Общая химия: учебно-методическое пособие

Bibliografiske detaljer
Hovedforfatter: Будяк Е. В. Евгения Валентиновна
Summary:Оригинальное учебно-методическое пособие по общей химии подготовлено в соответствии с требованиями ГОС РФ. Включает теорию, практические задания и контроль, в том числе программированный. Укомплектовано CD-диском, дублирующим тестирующие материалы. Значительное внимание уделено контролю качества подготовки специалистов. Представлены: входной, промежуточный и итоговый контроли на основании тестов ФЭПО. Включены: начальный тест, тесты по темам и экзамен; приводится разбор тестов. Содержит также материал для повторения, справочные материалы; имеется словарь терминов и определений. Пособие предназначено для студентов вузов технических (нехимических) направлений и специальностей, в том числе заочной и вечерней форм обучения. Удобно для самостоятельного изучения студентами курса химии. Будет также интересно широкому кругу лиц, изучающих и преподающих химию в среднеспециальных учебных заведениях и старших классах средней школы.
Sprog:russisk
Udgivet: СПб., Лань, 2011
Udgivelse:3-е изд., перераб. и доп.
Serier:Учебники для вузов. Специальная литература
Fag:
Format: Bog
KOHA link:https://koha.lib.tpu.ru/cgi-bin/koha/opac-detail.pl?biblionumber=195318

MARC

LEADER 00000nam0a2200000 4500
001 195318
005 20231101224625.0
010 |a 9785811411375 
035 |a (RuTPU)RU\TPU\book\213061 
090 |a 195318 
100 |a 20110505d2011 m y0rusy50 ca 
101 0 |a rus 
102 |a RU 
105 |a a j 001zy 
200 1 |a Общая химия  |e учебно-методическое пособие  |f Е. В. Будяк 
205 |a 3-е изд., перераб. и доп. 
210 |a СПб.  |c Лань  |d 2011 
215 |a 384 с.  |c ил.  |e CD-ROM 
225 1 |a Учебники для вузов. Специальная литература 
320 |a Библиогр.: с. 377-378. 
320 |a Словарь терминов и определений: с. 371-376. 
330 |a Оригинальное учебно-методическое пособие по общей химии подготовлено в соответствии с требованиями ГОС РФ. Включает теорию, практические задания и контроль, в том числе программированный. Укомплектовано CD-диском, дублирующим тестирующие материалы. Значительное внимание уделено контролю качества подготовки специалистов. Представлены: входной, промежуточный и итоговый контроли на основании тестов ФЭПО. Включены: начальный тест, тесты по темам и экзамен; приводится разбор тестов. Содержит также материал для повторения, справочные материалы; имеется словарь терминов и определений. Пособие предназначено для студентов вузов технических (нехимических) направлений и специальностей, в том числе заочной и вечерней форм обучения. Удобно для самостоятельного изучения студентами курса химии. Будет также интересно широкому кругу лиц, изучающих и преподающих химию в среднеспециальных учебных заведениях и старших классах средней школы. 
606 1 |a Химия общая  |2 stltpush  |3 (RuTPU)RU\TPU\subj\67862  |9 83510 
610 1 |a общая химия 
610 1 |a периодический закон 
610 1 |a периодическая система 
610 1 |a физико-химические системы 
610 1 |a химические процессы 
610 1 |a окислительно-восстановительные системы 
610 1 |a окислительно-восстановительные реакции 
610 1 |a электрохимические системы 
610 1 |a учебно-методические пособия 
675 |a 54(07)  |v 3 
700 1 |a Будяк  |b Е. В.  |g Евгения Валентиновна 
801 1 |a RU  |b 63413507  |c 20110505 
801 2 |a RU  |b 63413507  |c 20150519  |g RCR 
900 |a Химия 
942 |c BK 
955 |a 550000 
959 |a 29/20110303  |d 2  |e 774,08  |f ЧЗТЛ:1  |f АНЛ:1 
959 |a 66/20110708  |d 2  |e 774,08  |f ЧЗТЛ:1  |f АНЛ:1